On the Japanese classics : (Record no. 130041)
[ view plain ]
| 000 -LEADER | |
|---|---|
| fixed length control field | 00760nam a22002417a 4500 |
| 005 - DATE AND TIME OF LATEST TRANSACTION | |
| control field | 20170124110106.0 |
| 010 ## - LIBRARY OF CONGRESS CONTROL NUMBER | |
| LC control number | 977558 |
| 020 ## - INTERNATIONAL STANDARD BOOK NUMBER | |
| Terms of availability | 00.00 |
| International Standard Book Number | 083480140X |
| 035 ## - SYSTEM CONTROL NUMBER | |
| System control number | 977558 |
| 037 ## - SOURCE OF ACQUISITION | |
| Source of stock number/acquisition | Cen Lib/Ret |
| 040 ## - CATALOGING SOURCE | |
| Original cataloging agency | DPL |
| Language of cataloging | EN |
| 082 ## - DEWEY DECIMAL CLASSIFICATION NUMBER | |
| Classification number | 921 |
| Item number | IKE |
| 100 ## - MAIN ENTRY--PERSONAL NAME | |
| Personal name | Ikeda, Daisaku |
| 9 (RLIN) | 12245 |
| 245 ## - TITLE STATEMENT | |
| Title | On the Japanese classics : |
| Statement of responsibility, etc | by Daisaku Ikeda; translated by Burton Watson |
| Remainder of title | conversations and appreciations / |
| 260 ## - PUBLICATION, DISTRIBUTION, ETC. (IMPRINT) | |
| Place of publication, distribution, etc | New York |
| Name of publisher, distributor, etc | Weatherhill |
| Date of publication, distribution, etc | 1979 |
| 270 ## - ADDRESS | |
| City | New York |
| 300 ## - PHYSICAL DESCRIPTION | |
| Extent | 202p. |
| Dimensions | 21cm(Hb) |
| 500 ## - GENERAL NOTE | |
| General note | Includes index |
| 650 ## - SUBJECT ADDED ENTRY--TOPICAL TERM | |
| Topical term or geographic name as entry element | Japanese literature -- To 1600 -- History and criticism |
| 9 (RLIN) | 112883 |
| 650 ## - SUBJECT ADDED ENTRY--TOPICAL TERM | |
| Topical term or geographic name as entry element | Buddhism in literature |
| 9 (RLIN) | 112884 |
| 700 ## - ADDED ENTRY--PERSONAL NAME | |
| Personal name | Watson, Burton |
| 9 (RLIN) | 28124 |
| 942 ## - ADDED ENTRY ELEMENTS (KOHA) | |
| Source of classification or shelving scheme | Dewey Decimal Classification |
| Koha item type | English Books |
| Classification part | 921 |
| Call number suffix | IKE |
| Withdrawn status | Lost status | Damaged status | Not for loan | Home library | Current library | Date acquired | Source of acquisition | Cost, normal purchase price | Total Checkouts | Full call number | Barcode | Date last seen | Date checked out | Copy number | Cost, replacement price | Price effective from | Koha item type |
|---|---|---|---|---|---|---|---|---|---|---|---|---|---|---|---|---|---|
| Central Library | Central Library | 08/07/2015 | Cen Lib/Ret | 0.00 | 1 | 921 IKE | 977558 | 30/06/2019 | 16/06/2019 | 1 | 0.00 | 08/07/2015 | English Books |
